000
00288nam a2200121Ia 4500
008
190216s9999||||xx |||||||||||||| ||und||
100
_a
Brijilal And Subrahmanyam N
245
2
_a
A Text Book Of Optics
260
_b
S Chand & Co
_c
1985
300
_a
600p
650
_a
Optics
942
_c
BK
999
_c
32928
_d
32928